000 00627nam a2200229Ia 4500
003 OSt
005 20220928124434.0
006 a|||||r|||| 00| 0
007 ta
008 220927b |||||||| |||| 00| 0 eng d
024 _a42880
037 _cTextual
040 _aSDCL
_cSDCL
_beng
041 _2eng
_aeng
082 _aV21555:71'N2, F7
100 _aBilgrami Syed Ali Asgar
_9465259
245 0 _aLandmarks of the Deccan
260 _aDelhi
_bManas Publications
_c1957
300 _axvi,226p
_ccm.
942 _hV21555:71'N2, F7
_cTEXL
_2CC
999 _c778138
_d778138